ბათუმის შოთა რუსთაველის სახელმწიფო უნივერსიტეტის ბიბლიოთეკა

ბირთვული სინდრომი და შეერთებული შტატების სტრატეგია სპარსეთის ყურეში. (ბიბ.ჩანაწერი № 44384)

000 -LEADER
fixed length control field 01046nam a2200229Ia 4500
001 - CONTROL NUMBER
control field 11146
003 - CONTROL NUMBER IDENTIFIER
control field GE_BSU
008 - FIXED-LENGTH DATA ELEMENTS--GENERAL INFORMATION
fixed length control field 181216s||||||||xx |||||||||||||| ||und||
020 ## - INTERNATIONAL STANDARD BOOK NUMBER
International Standard Book Number 97899941223747
040 ## - CATALOGING SOURCE
Transcribing agency GE_BSU
080 ## - UNIVERSAL DECIMAL CLASSIFICATION NUMBER
Universal Decimal Classification number 327.2(73)
100 ## - MAIN ENTRY--PERSONAL NAME
Personal name ბაჟუნაიშვილი,ლაშა
245 ## - TITLE STATEMENT
Title ბირთვული სინდრომი და შეერთებული შტატების სტრატეგია სპარსეთის ყურეში.
245 ## - TITLE STATEMENT
Statement of responsibility, etc. რედ:ირაკლი გორგილაძე
260 ## - PUBLICATION, DISTRIBUTION, ETC.
Place of publication, distribution, etc. თბილისი.
260 ## - PUBLICATION, DISTRIBUTION, ETC.
Name of publisher, distributor, etc. უნივერსალი
260 ## - PUBLICATION, DISTRIBUTION, ETC.
Date of publication, distribution, etc. 2014
300 ## - PHYSICAL DESCRIPTION
Extent 225გვ;23სმ;ფოტო.პორტ.
300 ## - PHYSICAL DESCRIPTION
Other physical details ბიბლიოგრაფ:გვ.200-215
653 ## - INDEX TERM--UNCONTROLLED
Uncontrolled term ამერიკის შეერთებული შტატების პოლიტიკა ირანში მეოცე საუკუნის მეორე ნახევარში.
942 ## - ADDED ENTRY ELEMENTS (KOHA)
Koha item type წიგნი
ეგზემპლარები
Withdrawn status Lost status Damaged status Not for loan Date acquired Barcode Date last seen Price effective from Koha item type
        2018-12-17 35450 2018-12-17 2018-12-17 წიგნი
        2018-12-17 35451 2018-12-17 2018-12-17 წიგნი
        2018-12-17 35452 2018-12-17 2018-12-17 წიგნი
        2018-12-17 35453 2018-12-17 2018-12-17 წიგნი
        2018-12-17 35454 2018-12-17 2018-12-17 წიგნი